000 01094nam a2200289 i 4500
001 bg
003 BPK
005 20200303102526.0
008 991125s1995 uk a f 001 0 eng d
020 _a0521478294 (pbk)
040 _cBPK
100 1 _aAlderson, J. Charles.
245 1 0 _aLanguage test construction and evaluation /
_cJ. Charles Alderson, Caroline Clapham, Dianne Wall.
260 _aCambridge :
_bCambridge University Press,
_c1995.
300 _a[10], 310 s. :
_bil. ;
_c23 cm.
490 1 _aCambridge Language Teaching Library
504 _aBibliography s. 299-304. Indeks.
650 9 _aLanguage and languages
_xAbility testing
650 9 _aLanguage and languages
_xStudy and teaching
650 9 _aTests, testing
700 1 _aClapham, Caroline.
700 1 _aWall, Dianne.
710 2 _aCambridge University Press
_4pbl.
830 0 _aCambridge Language Teaching Library
942 _cKS
_2UKD
856 _uhttp://koha.tu.koszalin.pl/cgi-bin/koha/opac-detail.pl?biblionumber=48020
_yKatalog online BPK
999 _c48020
_d48020